Misalliance /

Bibliographic Details
Main Author: Shaw, Bernard, 1856-1950
Corporate Authors: Mermaid Theatre (London, England), Caedmon Records
Format: Cassette Audio Book
Language:English
Published: N.Y., N.Y. : Caedmon, [1974]

MARC

Tag First Indicator Second Indicator Subfields
LEADER 00000cim a2200000 a 4500
001 in00000075880
005 20151008054907.0
007 ss lunjlc---u
008 781222s1974 nyunnnn z d 0 eng d
010 |a  73751027  
035 |a (OCoLC)04485710 
035 |9 AAJ1984AM 
040 |a UIU  |c UIU  |d OCL  |d TXA  |d UtOrBLW 
049 |a TXAV 
090 |a PR5363  |b .M5 1974 
092 |a 822  |b Sh26mis 
100 1 |a Shaw, Bernard,  |d 1856-1950. 
245 1 0 |a Misalliance /  |c Bernard Shaw. 
264 1 |a N.Y., N.Y. :  |b Caedmon,  |c [1974] 
264 4 |c ©1974 
300 |a 3 sound cassettes (129 min.) :  |b 1 7/8 ips. 
306 |a 021952 
336 |a spoken word  |b spw  |2 rdacontent 
337 |a audio  |b s  |2 rdamedia 
338 |a audiocassette  |b ss  |2 rdacarrier 
500 |a Caedmon: CDL 5365 
500 |a Directed by Alan Strachan. 
500 |a Program notes in container. 
511 0 |a London Mermaid Theatre production. 
500 |a Sound recording. 
710 2 |a Mermaid Theatre (London, England) 
710 2 |a Caedmon Records. 
999 |a MARS 
999 f f |s 62079054-03aa-3712-94a2-b9f7017d7fe0  |i 7a709645-d7e9-3e14-8c3c-c0e6bb0fbfea  |t 0 
952 f f |p ric  |a Texas A&M University  |b Rellis Campus  |c Joint Library Facility  |d Remote Storage  |t 0  |e PR5363 .M5 1974  |h Library of Congress classification  |i audio -- audiocassette  |k cassette 1  |m A14806058074 
952 f f |p ric  |a Texas A&M University  |b Rellis Campus  |c Joint Library Facility  |d Remote Storage  |t 0  |e PR5363 .M5 1974  |h Library of Congress classification  |i audio -- audiocassette  |k cassette 2  |m A14843236713 
952 f f |p ric  |a Texas A&M University  |b Rellis Campus  |c Joint Library Facility  |d Remote Storage  |t 0  |e PR5363 .M5 1974  |h Library of Congress classification  |i audio -- audiocassette  |k cassette 3  |m A14843236705 
998 f f |a PR5363 .M5 1974  |t 0  |l Remote Storage